[Event "Nimzo Challenge"]
[Site "SchemingMind.com"]
[Date "2006.08.13"]
[Round "-"]
[White "Dr_Pat"]
[Black "Louis Lima"]
[Result "0-1"]
[WhiteCountry "USA"]
[BlackCountry "ESP"]
[WhiteElo "1490"]
[WhiteRD "48"]
[BlackElo "1657"]
[BlackRD "49"]
[GameID "63648"]

1. d4 Nf6 2. c4 e6 3. Nc3 Bb4 4. Nf3 c5 5. e3 b6 6. Bd3 Bb7 7. O-O Bxc3 8. bxc3 Ne4 9. Qc2 f5 10. Nd2 Nxd2
11. Qxd2 Qg5 12. g3 Qh5 13. Re1 Qf3 14. d5 exd5 15. e4 fxe4 16. Be2 Qf7 17. Qd1 O-O 18. h4 Qxf2+ 19. Kh1 d4 20. cxd4 cxd4
21. Rf1 e3+ 22. Bf3 Bxf3+ 23. Qxf3 Qxf1+ 24. Qxf1 Rxf1+ 25. Kg2 e2
0-1

[Event "Nimzo Challenge"]
[Site "SchemingMind.com"]
[Date "2006.08.13"]
[Round "-"]
[White "Louis Lima"]
[Black "Dr_Pat"]
[Result "1-0"]
[WhiteCountry "ESP"]
[BlackCountry "USA"]
[WhiteElo "1657"]
[WhiteRD "49"]
[BlackElo "1490"]
[BlackRD "48"]
[GameID "63649"]

1. d4 Nf6 2. c4 e6 3. Nc3 Bb4 4. a3 Bxc3+ 5. bxc3 O-O 6. e3 d5 7. Nf3 b6 8. cxd5 exd5 9. Bd3 Bb7 10. O-O Nbd7
11. a4 a5 12. Ba3 Re8 13. Qb3 Ba6 14. Bxa6 Rxa6 15. c4 c6 16. Qd3 Qc7 17. cxd5 Nxd5 18. Qxa6 Nc3 19. Qd3 Nxa4 20. Ng5 g6
21. Rfc1 h6 22. Ne4 b5 23. Bd6 Qa7 24. Rxc6 Nb2 25. Qb3 Nc4 26. Rc7 Qb8 27. Rxd7 Qc8 28. Qxb5 Rxe4 29. Rc7 Qe6 30. Qxc4 Qxd6
31. Qxf7+ Kh8 32. Qh7#
1-0

[Event "Nimzo Challenge"]
[Site "SchemingMind.com"]
[Date "2006.08.16"]
[Round "-"]
[White "iain"]
[Black "Louis Lima"]
[Result "0-1"]
[WhiteCountry "USA"]
[BlackCountry "ESP"]
[WhiteElo "1395"]
[WhiteRD "54"]
[BlackElo "1657"]
[BlackRD "49"]
[GameID "63850"]

1. d4 Nf6 2. c4 e6 3. Nc3 Bb4 4. Bd2 O-O 5. Nf3 b6 6. e4 Bxc3 7. Bxc3 Nxe4 8. Bd3 Nxc3 9. bxc3 Bb7 10. O-O Qf6
11. Ne5 d6 12. Ng4 Qg5 13. Ne3 f5 14. d5 f4 15. Ng4 h5 16. h4 Qxh4 17. Nh2 exd5 18. Nf3 Qg4 19. Be2 h4 20. Ne5 Qf5
21. Ng4 dxc4= 22. Bxc4+ Kh8 23. f3 Qc5+ 24. Kh2 Qxc4 25. Qc2 Nd7 26. Nf2 Ne5 27. Ne4 Bxe4 28. fxe4 Qd3 29. Qf2 Qg3+ 30. Qxg3 fxg3+
31. Kh3 g5 32. c4 Kh7 33. Rxf8 Rxf8 34. a4 Kh6 35. a5 Kh5 36. axb6 g4#
0-1

[Event "Nimzo Challenge"]
[Site "SchemingMind.com"]
[Date "2006.08.16"]
[Round "-"]
[White "iain"]
[Black "Dr_Pat"]
[Result "1-0"]
[WhiteCountry "USA"]
[BlackCountry "USA"]
[WhiteElo "1395"]
[WhiteRD "54"]
[BlackElo "1490"]
[BlackRD "48"]
[GameID "63851"]

1. d4 Nf6 2. c4 e6 3. Nc3 Bb4 4. Bd2 d5 5. Qa4+ Nc6 6. cxd5 Nxd5 7. O-O-O Nb6 8. Qc2 Nxd4 9. Qe4 f5 10. Qf4 Nc6
11. Be3 Bd6 12. Qg5 Qxg5 13. Bxg5 O-O 14. Nb5 h6 15. Nxd6 hxg5 16. Nb5 Rf7 17. Nf3 g4 18. Nfd4 Nxd4 19. Nxd4 Nd5 20. f3 gxf3
21. exf3 Ne3 22. Re1 Nxf1 23. Rhxf1 Rf6 24. g4 fxg4 25. fxg4 Rxf1 26. Rxf1 e5 27. Nf5 Bxf5 28. Rxf5 e4 29. Re5 c6 30. Rxe4 Kh7
31. h4 Rf8 32. b4 b6 33. a4 Rf1+ 34. Kd2 Rf2+ 35. Ke3 Ra2 36. b5 cxb5 37. axb5 Rb2 38. Re5 Rb4 39. Kf3 g6 40. h5 Kh6
41. hxg6 Kxg6 42. Rd5 Kf6 43. Rh5 Rb3+ 44. Ke4 Kg6 45. Rd5 Rb4+ 46. Kf3 Rc4 47. Rd7 Kg5 48. Rxa7 Rxg4 49. Rg7+
1-0

[Event "Nimzo Challenge"]
[Site "SchemingMind.com"]
[Date "2006.08.18"]
[Round "-"]
[White "Louis Lima"]
[Black "iain"]
[Result "1-0"]
[WhiteCountry "ESP"]
[BlackCountry "USA"]
[WhiteElo "1703"]
[WhiteRD "61"]
[BlackElo "1400"]
[BlackRD "54"]
[GameID "63852"]

1. d4 Nf6 2. c4 e6 3. Nc3 Bb4 4. a3 Be7 5. e4 O-O 6. e5 Ne8 7. Bd3 d6 8. Qh5 g6 9. Qe2 Bg5 10. Nf3 Bxc1
11. Rxc1 Nc6 12. h4 dxe5 13. dxe5 f6 14. h5 fxe5 15. hxg6 hxg6 16. Bxg6 Nf6 17. Ne4 Ne7 18. Nxf6+ Rxf6 19. Bh7+ Kg7 20. Nxe5 Kf8
21. Rc3 c6 22. Bc2 Qc7 23. Rh8+ Kg7 24. Rch3
1-0

[Event "Nimzo Challenge"]
[Site "SchemingMind.com"]
[Date "2006.08.16"]
[Round "-"]
[White "Dr_Pat"]
[Black "iain"]
[Result "1-0"]
[WhiteCountry "USA"]
[BlackCountry "USA"]
[WhiteElo "1490"]
[WhiteRD "48"]
[BlackElo "1395"]
[BlackRD "54"]
[GameID "63853"]

1. d4 Nf6 2. c4 e6 3. Nc3 Bb4 4. Nf3 O-O 5. e3 d5 6. Bd3 Ne4 7. Qc2 Nxc3 8. bxc3 Ba5 9. Bxh7+ Kh8 10. Bd3 g6
11. O-O Kg7 12. e4 dxe4 13. Bxe4 c6 14. Bg5 Qc7 15. Rab1 f6 16. Bh4 f5 17. Bd3 Nd7 18. Rfe1 Nf6 19. Bxf6+ Kxf6 20. h3 Bd7
21. c5 b6 22. Ne5 bxc5 23. Nxd7+ Qxd7 24. dxc5 Rab8 25. Rxb8 Rxb8 26. Bc4 e5 27. Rd1 Qe7 28. Rd6+ Kg7 29. Rxc6 Qh4 30. Qa4 Bxc3
31. Qxa7+
1-0

[Event "Nimzo Challenge"]
[Site "SchemingMind.com"]
[Date "2006.08.20"]
[Round "-"]
[White "Jose Luis Fonseca Gonzalez"]
[Black "Louis Lima"]
[Result "1-0"]
[WhiteCountry "NCA"]
[BlackCountry "ESP"]
[WhiteElo "2004"]
[WhiteRD "135"]
[BlackElo "1657"]
[BlackRD "49"]
[GameID "64402"]

1. d4 Nf6 2. c4 e6 3. Nc3 Bb4 4. Bg5 h6 5. Bh4 c5 6. d5 g5 7. Bg3 Ne4 8. Be5 f6 9. a3 Bxc3+ 10. Bxc3 Nxc3
11. bxc3 Qa5 12. Qc2 Kf7 13. Nf3 e5 14. e3 d6 15. Bd3
1-0

[Event "Nimzo Challenge"]
[Site "SchemingMind.com"]
[Date "2006.08.20"]
[Round "-"]
[White "Jose Luis Fonseca Gonzalez"]
[Black "iain"]
[Result "1-0"]
[WhiteCountry "NCA"]
[BlackCountry "USA"]
[WhiteElo "2004"]
[WhiteRD "135"]
[BlackElo "1395"]
[BlackRD "54"]
[GameID "64403"]

1. d4 Nf6 2. c4 e6 3. Nc3 Bb4 4. Bg5 O-O 5. e4 h6 6. Bxf6 Qxf6 7. e5 Qf5 8. Bd3 Qg5 9. Nf3 Bxc3+ 10. bxc3 Qd8
11. O-O d6 12. Qe2 dxe5 13. Qe4 exd4 14. Qh7#
1-0

[Event "Nimzo Challenge"]
[Site "SchemingMind.com"]
[Date "2006.08.20"]
[Round "-"]
[White "Jose Luis Fonseca Gonzalez"]
[Black "Dr_Pat"]
[Result "1-0"]
[WhiteCountry "NCA"]
[BlackCountry "USA"]
[WhiteElo "2017"]
[WhiteRD "134"]
[BlackElo "1507"]
[BlackRD "53"]
[GameID "64404"]

1. d4 Nf6 2. c4 e6 3. Nc3 Bb4 4. Bg5 h6 5. Bh4 d5 6. cxd5 exd5 7. Qb3 Nc6 8. e3 O-O 9. a3 Bxc3+ 10. bxc3 b6
11. Bxf6 Qxf6 12. Qxd5 Bb7 13. Nf3 Nd8 14. Qe5 Qxe5 15. Nxe5 Nc6 16. Nxc6 Bxc6 17. f3 Rfe8 18. Kd2 a5 19. Bc4 b5 20. Bd3 a4
21. Rab1 Rab8 22. Rb4 Red8 23. Rhb1 Bd5 24. Rxb5 Rxb5 25. Rxb5 c6 26. Rb6 Rc8 27. Bc2 g5 28. Bxa4 Kg7 29. e4
1-0

[Event "Nimzo Challenge"]
[Site "SchemingMind.com"]
[Date "2006.08.20"]
[Round "-"]
[White "Louis Lima"]
[Black "Jose Luis Fonseca Gonzalez"]
[Result "0-1"]
[WhiteCountry "ESP"]
[BlackCountry "NCA"]
[WhiteElo "1657"]
[WhiteRD "49"]
[BlackElo "2004"]
[BlackRD "135"]
[GameID "64407"]

1. d4 Nf6 2. c4 e6 3. Nc3 Bb4 4. a3 Bxc3+ 5. bxc3 Ne4 6. Qc2 f5 7. e3 O-O 8. Bd3 Qh4 9. g3 Qh5 10. Bxe4 fxe4
11. Qxe4 d5 12. cxd5 exd5 13. Qe7 Bd7 14. Qe5 Qxe5 15. dxe5 Nc6
0-1

[Event "Nimzo Challenge"]
[Site "SchemingMind.com"]
[Date "2006.08.20"]
[Round "-"]
[White "iain"]
[Black "Jose Luis Fonseca Gonzalez"]
[Result "0-1"]
[WhiteCountry "USA"]
[BlackCountry "NCA"]
[WhiteElo "1449"]
[WhiteRD "57"]
[BlackElo "2017"]
[BlackRD "134"]
[GameID "64408"]

1. d4 Nf6 2. c4 e6 3. Nc3 Bb4 4. Nf3 O-O 5. Bd2 d6 6. e3 Nbd7 7. Be2 b6 8. O-O Bb7 9. a3 Bxc3 10. Bxc3 Ne4
11. Qc2 Qf6 12. Bd3 Nxc3 13. Qxc3 Bxf3 14. gxf3 Qxf3 15. Rae1 f5 16. Be2 Qh3 17. f4 Rf6 18. Rf3 Rg6+ 19. Kh1 Qg2#
0-1

[Event "Nimzo Challenge"]
[Site "SchemingMind.com"]
[Date "2006.08.20"]
[Round "-"]
[White "Dr_Pat"]
[Black "Jose Luis Fonseca Gonzalez"]
[Result "0-1"]
[WhiteCountry "USA"]
[BlackCountry "NCA"]
[WhiteElo "1507"]
[WhiteRD "53"]
[BlackElo "2017"]
[BlackRD "134"]
[GameID "64409"]

1. d4 Nf6 2. c4 e6 3. Nc3 Bb4 4. e3 O-O 5. Nf3 d6 6. Bd3 e5 7. d5 e4 8. Bc2 exf3 9. Qxf3 Nbd7 10. O-O Ne5
11. Qe2 Bxc3 12. bxc3 c6 13. Bb2 Qb6 14. Rab1 Qa6 15. h3 cxd5 16. Bb3 Bf5 17. Rbd1 dxc4 18. Bc2 Bd3 19. Bxd3 cxd3 20. Qd2 Qxa2
21. Bc1 Qxd2 22. Rxd2 Ne4 23. Rdd1 Nxc3 24. Rd2 Rfc8 25. Kh1 Ne2 26. Bb2 Rc2 27. Rfd1 Rxd2 28. Rxd2 Nc4 29. Rxd3 Nxb2 30. Rxd6 a5
0-1

[Event "Nimzo Challenge"]
[Site "SchemingMind.com"]
[Date "2006.08.21"]
[Round "-"]
[White "KaliYuga"]
[Black "Louis Lima"]
[Result "1-0"]
[WhiteCountry "IRL"]
[BlackCountry "ESP"]
[WhiteElo "1929"]
[WhiteRD "65"]
[BlackElo "1657"]
[BlackRD "49"]
[GameID "64446"]

1. d4 Nf6 2. c4 e6 3. Nc3 Bb4 4. Nf3 d5 5. cxd5 exd5 6. Bg5 c5 7. e3 h6 8. Bh4 g5 9. Bg3 Ne4 10. Qc2 Bxc3+
11. bxc3 Qa5 12. Bd3 Qxc3+ 13. Qxc3 Nxc3 14. Be5 Rg8 15. Bh7
1-0

[Event "Nimzo Challenge"]
[Site "SchemingMind.com"]
[Date "2006.08.21"]
[Round "-"]
[White "KaliYuga"]
[Black "iain"]
[Result "1-0"]
[WhiteCountry "IRL"]
[BlackCountry "USA"]
[WhiteElo "1929"]
[WhiteRD "65"]
[BlackElo "1395"]
[BlackRD "54"]
[GameID "64447"]

1. d4 Nf6 2. c4 e6 3. Nc3 Bb4 4. Nf3 O-O 5. Bg5 d5 6. cxd5 Qxd5 7. Bxf6 gxf6 8. Qc2 Nc6 9. e3 e5 10. a3 Ba5
11. b4 Bb6 12. Nxd5 exd4 13. Nxf6+ Kg7 14. Nxh7 Re8 15. Bc4 dxe3 16. O-O-O Ne5 17. Nxe5 exf2 18. Bxf7 Re7 19. Qg6+
1-0

[Event "Nimzo Challenge"]
[Site "SchemingMind.com"]
[Date "2006.08.22"]
[Round "-"]
[White "KaliYuga"]
[Black "Dr_Pat"]
[Result "1-0"]
[WhiteCountry "IRL"]
[BlackCountry "USA"]
[WhiteElo "1939"]
[WhiteRD "66"]
[BlackElo "1507"]
[BlackRD "53"]
[GameID "64448"]

1. d4 Nf6 2. c4 e6 3. Nc3 Bb4 4. Nf3 d5 5. cxd5 exd5 6. Bg5 O-O 7. e3 h6 8. Bh4 g5 9. Bg3 Bf5 10. Qb3 Nc6
11. Ne5 Bxc3+ 12. bxc3 Rb8 13. Be2 Ne4 14. Nxc6 bxc6 15. Qa3 Rb7 16. c4 Bg6 17. f3 Nf6 18. O-O Nh5 19. Be1 f5 20. Bd3 Ng7
21. Qa6 Rb6 22. Qxa7 Kh8 23. Ba5 Rb2 24. Bxc7 Qd7 25. Qa3 Rxg2+ 26. Kxg2 Re8 27. Be5 Kg8 28. cxd5 cxd5 29. Rab1 Ne6 30. Bb5
1-0

[Event "Nimzo Challenge"]
[Site "SchemingMind.com"]
[Date "2006.08.23"]
[Round "-"]
[White "KaliYuga"]
[Black "Jose Luis Fonseca Gonzalez"]
[Result "0-1"]
[WhiteCountry "IRL"]
[BlackCountry "NCA"]
[WhiteElo "1894"]
[WhiteRD "66"]
[BlackElo "2094"]
[BlackRD "93"]
[GameID "64450"]

1. d4 Nf6 2. c4 e6 3. Nc3 Bb4 4. Nf3 d6 5. Bg5 h6 6. Bh4 Nbd7 7. Qc2 O-O 8. e3 c5 9. Bd3 Qa5 10. O-O cxd4
11. Nxd4 Bxc3 12. bxc3 a6 13. Bg3 Qc7 14. Rfd1 b6 15. Be4 Bb7 16. Bxb7 Qxb7 17. Bxd6 Rfc8 18. Qd3 Nc5 19. Bxc5 Rxc5 20. f3 Rd8
21. Qe2 Rdc8 22. Rd3 Rxc4 23. Qb2 Nd5 24. Ne2 Qc7 25. Rc1 Qc5 26. Qd2 b5 27. Kf2 a5 28. Rxd5 exd5 29. Rb1 b4 30. cxb4 axb4
31. Nd4 Ra8 32. Rb2 Rc3 33. Nb3 Qd6 34. f4 Re8 35. Nd4 Rexe3 36. Qxe3 Rxe3 37. Kxe3 Qc5 38. Rc2 Qe7+ 39. Kd2 Qe4 40. Ne2 d4
41. Rc8+ Kh7 42. g3 Qe6
0-1

[Event "Nimzo Challenge"]
[Site "SchemingMind.com"]
[Date "2006.08.20"]
[Round "-"]
[White "Louis Lima"]
[Black "KaliYuga"]
[Result "0-1"]
[WhiteCountry "ESP"]
[BlackCountry "IRL"]
[WhiteElo "1682"]
[WhiteRD "55"]
[BlackElo "1939"]
[BlackRD "66"]
[GameID "64452"]

1. d4 Nf6 2. c4 e6 3. Nc3 Bb4 4. a3 Bxc3+ 5. bxc3 c5 6. Qc2 Nc6 7. e3 d5 8. Bd3 dxc4 9. Bxc4 a6 10. a4 O-O
11. Nf3 Bd7 12. e4 Rc8 13. Qe2 Na5 14. Ba2 cxd4 15. cxd4 Bxa4 16. O-O Bb5
0-1

[Event "Nimzo Challenge"]
[Site "SchemingMind.com"]
[Date "2006.08.21"]
[Round "-"]
[White "iain"]
[Black "KaliYuga"]
[Result "0-1"]
[WhiteCountry "USA"]
[BlackCountry "IRL"]
[WhiteElo "1395"]
[WhiteRD "54"]
[BlackElo "1929"]
[BlackRD "65"]
[GameID "64453"]

1. d4 Nf6 2. c4 e6 3. Nc3 Bb4 4. Nf3 c5 5. dxc5 Ne4 6. Bd2 Qf6 7. a3 Nxc3 8. bxc3 Bxc3 9. Rb1 Bxd2+ 10. Qxd2 Na6
11. e3 Nxc5 12. Nd4 b6 13. g3 Bb7 14. Rg1 Ne4 15. Qb2 Rc8 16. Bg2 Rxc4 17. Rc1 Rxc1+ 18. Qxc1 Qxf2+
0-1

[Event "Nimzo Challenge"]
[Site "SchemingMind.com"]
[Date "2006.08.20"]
[Round "-"]
[White "Dr_Pat"]
[Black "KaliYuga"]
[Result "0-1"]
[WhiteCountry "USA"]
[BlackCountry "IRL"]
[WhiteElo "1507"]
[WhiteRD "53"]
[BlackElo "1939"]
[BlackRD "66"]
[GameID "64454"]

1. d4 Nf6 2. c4 e6 3. Nc3 Bb4 4. e3 b6 5. Nf3 c5 6. Be2 cxd4 7. exd4 Ne4 8. O-O Nxc3 9. bxc3 Bxc3 10. Rb1 Bb7
11. Qb3 Ba5 12. Ba3 Nc6 13. Rfd1 Ne7 14. Ne5 O-O 15. Bd3 d6 16. Nf3 Bxf3 17. gxf3 Ng6 18. Bxg6 fxg6 19. d5 Bd2 20. Kf1 Bf4
21. h3 Qf6 22. dxe6 Qxe6 23. Kg2 Rf5 24. h4 Rh5 25. c5 d5 26. Rxd5 Rxd5 27. Rd1 Rad8 28. cxb6 axb6 29. Rxd5 Qxd5
0-1

[Event "Nimzo Challenge"]
[Site "SchemingMind.com"]
[Date "2006.08.26"]
[Round "-"]
[White "Jose Luis Fonseca Gonzalez"]
[Black "KaliYuga"]
[Result "1-0"]
[WhiteCountry "NCA"]
[BlackCountry "IRL"]
[WhiteElo "2189"]
[WhiteRD "113"]
[BlackElo "1936"]
[BlackRD "68"]
[GameID "64456"]

1. d4 Nf6 2. c4 e6 3. Nc3 Bb4 4. Bg5 h6 5. Bh4 c5 6. d5 exd5 7. cxd5 g5 8. Bg3 O-O 9. a3 Bxc3+ 10. bxc3 Qa5
11. Rc1 Qxa3 12. e3 Ne4 13. Bd3 Nxc3 14. Qd2 Nxd5 15. Bd6 b6 16. Be4 Bb7 17. Bxf8 Kxf8 18. Ne2 Qb3 19. Nc3 Na6 20. Bxd5 Bxd5
21. Rb1 Qxb1+ 22. Nxb1 Bxg2 23. Rg1 Bc6 24. Qd6+ Kg7 25. h4 f6 26. Qe7+ Kg6 27. h5+ Kf5 28. Nc3
1-0

[Event "Nimzo Challenge"]
[Site "SchemingMind.com"]
[Date "2006.08.23"]
[Round "-"]
[White "_keyes"]
[Black "KaliYuga"]
[Result "0-1"]
[WhiteCountry "ENG"]
[BlackCountry "IRL"]
[WhiteElo "1838"]
[WhiteRD "85"]
[BlackElo "1929"]
[BlackRD "69"]
[GameID "64559"]

1. d4 Nf6 2. c4 e6 3. Nc3 Bb4 4. e3 c5 5. Bd3 Nc6 6. Ne2 cxd4 7. exd4 Bxc3+ 8. bxc3 O-O 9. O-O b6 10. Ba3 Re8
11. Bd6 Bb7 12. f3 Rc8 13. Ng3 Na5 14. c5 bxc5 15. dxc5 Bd5 16. Ba6 Rc6 17. Bb5 Rxd6 18. cxd6 Qb6+ 19. Kh1 Qxb5 20. Qd4 Nc6
21. Qe3 Rb8 22. h3 Bc4 23. Rfd1 Nd5 24. Qd2 f5 25. a4 Qc5 26. a5 Qxd6 27. Qg5 h6 28. Qg6 Nce7 29. Qh5 Qxg3 30. Rd4 Nf4
31. Rxf4 Qxf4
0-1

[Event "Nimzo Challenge"]
[Site "SchemingMind.com"]
[Date "2006.08.21"]
[Round "-"]
[White "_keyes"]
[Black "Louis Lima"]
[Result "1-0"]
[WhiteCountry "ENG"]
[BlackCountry "ESP"]
[WhiteElo "1865"]
[WhiteRD "84"]
[BlackElo "1657"]
[BlackRD "49"]
[GameID "64560"]

1. d4 Nf6 2. c4 e6 3. Nc3 Bb4 4. e3 b6 5. Bd3 c5 6. Ne2 O-O 7. O-O Bb7 8. a3 Ba5 9. f3 d5 10. cxd5 Bxc3
11. bxc3
1-0

[Event "Nimzo Challenge"]
[Site "SchemingMind.com"]
[Date "2006.08.21"]
[Round "-"]
[White "_keyes"]
[Black "iain"]
[Result "1-0"]
[WhiteCountry "ENG"]
[BlackCountry "USA"]
[WhiteElo "1879"]
[WhiteRD "86"]
[BlackElo "1449"]
[BlackRD "57"]
[GameID "64561"]

1. d4 Nf6 2. c4 e6 3. Nc3 Bb4 4. e3 O-O 5. Bd3 c5 6. Ne2 cxd4 7. exd4 d5 8. O-O dxc4 9. Bxc4 Nc6 10. Bg5 Be7
11. Bd3 g6 12. Bh6 Re8 13. Bc2 Ng4 14. Bc1 Qc7 15. Ng3 Rd8 16. Qxg4 e5 17. Qe4 Nxd4 18. Ba4 a6 19. Re1 Bf6 20. Nd5 Qc4
21. Nxf6+ Kg7 22. Nfh5+ gxh5 23. Qxe5+ Kg8 24. Qg5+
1-0

[Event "Nimzo Challenge"]
[Site "SchemingMind.com"]
[Date "2006.08.23"]
[Round "-"]
[White "_keyes"]
[Black "Dr_Pat"]
[Result "1-0"]
[WhiteCountry "ENG"]
[BlackCountry "USA"]
[WhiteElo "1879"]
[WhiteRD "86"]
[BlackElo "1507"]
[BlackRD "53"]
[GameID "64562"]

1. d4 Nf6 2. c4 e6 3. Nc3 Bb4 4. e3 d5 5. Bd3 O-O 6. cxd5 exd5 7. Ne2 Nc6 8. f3 Ne7 9. Ng3 b6 10. O-O Bxc3
11. bxc3 c5 12. a4 Nc6 13. Ba3 Nd7 14. Qb1 g6 15. dxc5 Nxc5 16. Bc2 Ne5 17. Rd1 Nc4 18. Bc1 Re8 19. Nf1 Qg5 20. e4 Qd8
21. Rxd5 Nd6 22. Bf4 Ncb7 23. Bxd6 Nxd6 24. Qb4 Be6 25. Rxd6 Qg5 26. Qb5 Qxb5 27. axb5 Rec8 28. Ra3 Rc5 29. Ba4 Bc4 30. Rc6 Rxc6
31. bxc6 b5 32. Bc2 a6 33. Ne3 Be6 34. Nd5 Bxd5 35. exd5 a5 36. d6
1-0

[Event "Nimzo Challenge"]
[Site "SchemingMind.com"]
[Date "2006.08.23"]
[Round "-"]
[White "_keyes"]
[Black "Jose Luis Fonseca Gonzalez"]
[Result "0-1"]
[WhiteCountry "ENG"]
[BlackCountry "NCA"]
[WhiteElo "1798"]
[WhiteRD "80"]
[BlackElo "2154"]
[BlackRD "96"]
[GameID "64564"]

1. d4 Nf6 2. c4 e6 3. Nc3 Bb4 4. e3 O-O 5. Bd3 c5 6. Ne2 d5 7. cxd5 cxd4 8. exd4 Qxd5 9. O-O Qd8 10. Bg5 Nc6
11. a3 Be7 12. Rc1 Re8 13. Bb1 Qa5 14. Bxf6 Bxf6 15. Ne4 Be7 16. Qd3 Qh5 17. N4g3 Qh4 18. Rfd1 Bd7 19. b4 Rac8 20. Nf1 Red8
21. g3 Qh6 22. Ne3 Bd6 23. Nc3 Bf8 24. Ne2 g6 25. Ng4 Qg5 26. Qf3 Nxd4 27. Nxd4 Rxc1 28. Nf6+ Qxf6 29. Rxc1 Qxd4 30. h4 Bc6
31. Qe2 Qd5
0-1

[Event "Nimzo Challenge"]
[Site "SchemingMind.com"]
[Date "2006.08.21"]
[Round "-"]
[White "KaliYuga"]
[Black "_keyes"]
[Result "1/2-1/2"]
[WhiteCountry "IRL"]
[BlackCountry "ENG"]
[WhiteElo "1894"]
[WhiteRD "66"]
[BlackElo "1813"]
[BlackRD "71"]
[GameID "64566"]

1. d4 Nf6 2. c4 e6 3. Nc3 Bb4 4. Nf3 b6 5. Bg5 Bxc3+ 6. bxc3 h6 7. Bh4 g5 8. Bg3 Bb7 9. e3 Ne4 10. Qc2 d6
11. Bd3 Nxg3 12. hxg3 Nd7 13. Ke2 Qf6 14. e4 c5 15. d5 e5 16. Rh5 Ke7 17. Rah1 Qg7 18. Nh2 Nf6 19. Rh3 Bc8 20. g4 Nxg4
21. Kd1 Nf6 22. Rg3 Nh5 23. Re3 Nf4 24. g3 Nxd3 25. Qxd3 Qg6 26. g4 f6 27. Qe2 Bd7 28. Nf1 Rh7 29. Ng3 Rah8 30. Nh5 Qe8
31. Kd2 Qc8 32. f3 Qa6 33. Ra1 Qa3 34. Qf1 Bc8 35. Ree1 Ba6 36. Reb1 Qa4 37. Ng3 Bxc4 38. Qd1 Bb5 39. Nf5+ Kd7 40. Qb3 Qxb3
41. axb3 a5 42. c4 Ba6 43. Ng3 Kc7 44. Nh5 Rf7 45. Kc3 Bc8 46. Rh1 Bd7 47. Ng3 Be8 48. Nf5 Rfh7 49. Rh2 h5 50. gxh5 Rxh5
51. Rxh5 Rxh5 52. Ng7 Rh8 53. Nxe8+ Rxe8 54. Rh1 Re7 55. Rh8 Rf7 56. Rh5 Kd7=
1/2-1/2

[Event "Nimzo Challenge"]
[Site "SchemingMind.com"]
[Date "2006.08.21"]
[Round "-"]
[White "Louis Lima"]
[Black "_keyes"]
[Result "0-1"]
[WhiteCountry "ESP"]
[BlackCountry "ENG"]
[WhiteElo "1657"]
[WhiteRD "49"]
[BlackElo "1865"]
[BlackRD "84"]
[GameID "64567"]

1. d4 Nf6 2. c4 e6 3. Nc3 Bb4 4. a3 Bxc3+ 5. bxc3 c5 6. e3 Qc7 7. Nf3 b6 8. Bd3 Bb7 9. O-O O-O 10. Ne5 d6
0-1

[Event "Nimzo Challenge"]
[Site "SchemingMind.com"]
[Date "2006.08.21"]
[Round "-"]
[White "iain"]
[Black "_keyes"]
[Result "0-1"]
[WhiteCountry "USA"]
[BlackCountry "ENG"]
[WhiteElo "1438"]
[WhiteRD "64"]
[BlackElo "1892"]
[BlackRD "79"]
[GameID "64568"]

1. d4 Nf6 2. c4 e6 3. Nc3 Bb4 4. Bd2 O-O 5. Nf3 b6 6. e3 Bb7 7. Be2 c5 8. O-O d5 9. cxd5 exd5 10. a3 Ba5
11. Na2 Bxd2 12. Qxd2 Ne4 13. Qc2 Nd7 14. dxc5 Rc8 15. b4 bxc5 16. bxc5 Rxc5 17. Qb3 Qa8 18. Nd4 Nd2 19. Qb4 Nxf1 20. Kxf1 a5
21. Qd2 Nf6 22. Nc3 Rfc8 23. Na4 Ne4 24. Qb2 R5c7 25. Nb6 Qb8 26. Nxc8 Qxc8 27. f3 Nf6 28. g4 Ne8 29. Nf5 Rc2 30. Qd4 Qc7
31. f4 Qc3 32. Qxc3 Rxc3 33. Bb5 Nc7 34. a4 Rb3 35. Nd4 Rxe3 36. Kf2 Rc3 37. Nf5 Rc2+ 38. Kg3 Rc3+ 39. Kf2 Ne6 40. Nd6 Ba8
41. f5 Nc7 42. g5 d4 43. Rd1 Nxb5 44. Nxb5 Rc2+ 45. Kg3 Rg2+ 46. Kh4 Rxh2+ 47. Kg3 Rg2+ 48. Kf4 h5 49. Nxd4 Rg4+ 50. Ke5 Rxg5
51. Ne2 Bc6 52. Rd8+ Kh7 53. Nd4 Bxa4 54. Ra8 Bd7 55. Rxa5 f6+ 56. Kd6 Be8 57. Ke7 Rg4 58. Ne6 Ba4 59. Nf8+ Kh6 60. Kf7 h4
61. Rc5 Bb3+ 62. Ne6 Rc4
0-1

[Event "Nimzo Challenge"]
[Site "SchemingMind.com"]
[Date "2006.08.22"]
[Round "-"]
[White "Dr_Pat"]
[Black "_keyes"]
[Result "0-1"]
[WhiteCountry "USA"]
[BlackCountry "ENG"]
[WhiteElo "1507"]
[WhiteRD "53"]
[BlackElo "1879"]
[BlackRD "86"]
[GameID "64569"]

1. d4 Nf6 2. c4 e6 3. Nc3 Bb4 4. e3 c5 5. Nf3 Bxc3+ 6. bxc3 b6 7. Bd3 Bb7 8. O-O O-O 9. Bb2 d6 10. Re1 Nc6
11. Qc2 Qc7 12. h3 Na5 13. Ng5 g6 14. h4 Ba6 15. h5 Nxh5 16. d5 e5 17. g3 Bxc4 18. Bxc4 Nxc4 19. Kg2 Qe7 20. Nh3 f5
21. f3 Nf6 22. Rh1 Nxe3+
0-1

[Event "Nimzo Challenge"]
[Site "SchemingMind.com"]
[Date "2006.08.26"]
[Round "-"]
[White "Jose Luis Fonseca Gonzalez"]
[Black "_keyes"]
[Result "1-0"]
[WhiteCountry "NCA"]
[BlackCountry "ENG"]
[WhiteElo "2073"]
[WhiteRD "87"]
[BlackElo "1827"]
[BlackRD "74"]
[GameID "64571"]

1. d4 Nf6 2. c4 e6 3. Nc3 Bb4 4. Bg5 Bxc3+ 5. bxc3 h6 6. Bh4 g5 7. Bg3 b6 8. Nf3 Ne4 9. e3 Bb7 10. Bd3 d6
11. O-O Nd7 12. Nd2 Ndf6 13. Nxe4 Bxe4 14. Be2 Qe7 15. f3 Bb7 16. Qb3 Nh5 17. Bf2 Ng7 18. a4 O-O 19. a5 f5 20. Qb2 Rfb8
21. a6 Bc6 22. Rae1 Bd7 23. e4 c5 24. Bd3 Qf6 25. e5 dxe5 26. Rxe5 Qf8 27. f4 g4 28. dxc5 bxc5 29. Qa3 Rc8 30. Bxc5 Qf7
31. Re3 Ne8 32. Bd4 Qf8 33. Qa5 Qd6 34. c5 Qc7 35. Qa2 Ng7 36. Qf2 Qd8 37. Rd1 Rab8 38. c6 Rxc6 39. Bxa7 Rb3 40. Bd4 Qc8
41. Qh4 Qf8 42. Bxg7 Kxg7 43. Bc2 Rbxc3 44. Rxd7+ Kg6 45. Qxg4+ Kf6 46. Qh4+ Kg6 47. Rxe6+ Rxe6 48. Qg4+ Kf6 49. Qxf5#
1-0